Guide to Network Support and Troubleshooting /
Obra de referencia para solucionar problemas técnicos de redes de computadoras, desde la administración, monitoreo hasta el soporte y definición la red. La estructura del libro se empata con los problemas que surgen en las capas del modelo OSI, de manera aborda las tecnologías de Microsoft Windows,...
Wedi'i Gadw mewn:
| Prif Awdur: | |
|---|---|
| Fformat: | Llyfr |
| Iaith: | Saesneg |
| Cyhoeddwyd: |
Boston, EUA :
Course Technology,
2002, c2002
|
| Cyfres: | (Networking)
|
| Pynciau: | |
| Tagiau: |
Dim Tagiau, Byddwch y cyntaf i dagio'r cofnod hwn!
|
MARC
| LEADER | 00000nam^a2200000^a^4500 | ||
|---|---|---|---|
| 001 | 000153099 | ||
| 005 | 20250521000000.0 | ||
| 009 | 20260310100308.991 | ||
| 020 | |a 0-619-03551-X | ||
| 037 | |a Acervo ITESO - Biblioteca | ||
| 041 | |a ING | ||
| 082 | |a 621. 38217 |b TOM | ||
| 100 | |a Tomsho, Greg |e (autor) | ||
| 245 | 1 | 0 | |a Guide to Network Support and Troubleshooting / |c G. Tomsho. |
| 264 | 4 | |a Boston, EUA : |b Course Technology, |c 2002, c2002 | |
| 300 | |a XVIII, 486 p. + |e 1 disco compacto de computadora | ||
| 336 | |a texto |b txt |2 rdacontenido | ||
| 337 | |a sin mediación |b n |2 rdamedio | ||
| 338 | |a volumen |b nc |2 rdasoporte | ||
| 440 | 1 | |a (Networking) | |
| 520 | |a Obra de referencia para solucionar problemas técnicos de redes de computadoras, desde la administración, monitoreo hasta el soporte y definición la red. La estructura del libro se empata con los problemas que surgen en las capas del modelo OSI, de manera aborda las tecnologías de Microsoft Windows, Novell Netware y Cisco. | ||
| 649 | |a XX | ||
| 650 | |a Redes de Computadoras - |x Administración | ||
| 650 | |a Redes de Computadoras - |x Seguridad | ||
| 650 | |a Redes de Computadoras - |x Mantenimiento y Reparación | ||
| 650 | |a Comunicación en Red | ||
| 650 | |a Telecomunicaciones | ||
| 650 | |a Sistemas Computacionales | ||
| 650 | |a Ingeniería Computacional | ||
| 910 | |a Fondo General | ||
| 920 | |a Impresos - Libros | ||
| 930 | |a Colección General | ||
| 905 | |a 101 | ||
| 901 | |a 0500082201 |b IT1 |c ACC |u 20250521 | ||
| 901 | |a 0500082229 |b IT2 |c SWS |u 20250521 | ||
| 902 | |a https://opac.biblio.iteso.mx/vufind/Record/000153099 | ||